| 000 | 01540nam a2200421 i 4500 | ||
|---|---|---|---|
| 001 | 51935 | ||
| 003 | KOSZ 005 | ||
| 005 | 20200114090430.0 | ||
| 008 | 040702s2004 pl a f f |000 0 pol | ||
| 015 | _aPB 2004/13178 | ||
| 020 | _a8373352910 | ||
| 040 |
_aWA N _cWA N _dKOSZ 005/HR |
||
| 046 | _k2004 | ||
| 080 | _a629.33 | ||
| 080 | _a621.3 | ||
| 080 | _a(075.8) | ||
| 100 | 1 |
_aGlinka, Tadeusz _d(1938- ) _eAutor |
|
| 245 | 1 | 0 |
_aLaboratorium elektrotechniki i elektroniki samochodowej / _cTadeusz Glinka, Barbara Kulesz, Rafał Setlak. |
| 260 |
_aGliwice : _bWydaw. Politechniki Śląskiej, _c2004. |
||
| 300 |
_a182, [2] s. : _bfot. (w tym kolor.), rys., tab., wykr. ; _c24 cm. |
||
| 380 | _aKsiążki | ||
| 380 | _aPublikacje dydaktyczne | ||
| 385 |
_mPoziom nauczania _aSzkoły wyższe |
||
| 388 | _a2001- | ||
| 500 | _aKsiążka z serii Skrypty Uczelniane / Politechnika Śląska, ISSN 0434-0825 ; 2353. | ||
| 504 | _aBibliogr. s. 182-[183] i przy rozdz. | ||
| 658 | _aInżynieria i technika | ||
| 655 | 4 | _aPodręczniki akademickie | |
| 650 | 4 | _aElektronika | |
| 650 | 4 | _aSamochody | |
| 650 | 4 | _aElektrotechnika | |
| 700 | 1 |
_aKulesz, Barbara _eAutor |
|
| 700 | 1 |
_aSetlak, Rafał _eAutor |
|
| 710 | 2 |
_aWydawnictwo Politechniki Śląskiej _4pbl. |
|
| 830 | 0 |
_aSkrypty Uczelniane - Politechnika Śląska, _vnr 2353. |
|
| 856 |
_uhttp://koha.tu.koszalin.pl/cgi-bin/koha/opac-detail.pl?biblionumber=51935 _yKatalog online BPK |
||
| 942 |
_2UKD _cKS |
||
| 999 |
_c51935 _d51935 |
||